[Event "4NCL Division Four"]
[Site "Daventry, ENG"]
[Date "2023.03.26"]
[Round "8.45"]
[White "Rose, Peter"]
[Black "Selemir, Maxim"]
[Result "0-1"]
[WhiteElo "1480"]
[BlackElo "1833"]
[PlyCount "88"]
[EventDate "2023.03.26"]
[WhiteTeam "Celtic Tigers 2"]
[BlackTeam "CSC/Kingston 2"]

{[%evp 0,84,10,34,25,21,35,20,49,20,49,33,37,23,40,24,28,16,15,35,35,32,32,38,
55,20,53,27,50,15,35,0,22,-6,-14,-121,-32,-32,23,-29,-23,-25,-11,-27,-11,-65,
-12,-42,27,42,66,-142,61,-11,5,14,14,2,33,36,32,0,26,37,0,0,0,0,0,0,0,0,18,
-286,-243,-299,-301,-309,-323,-395,-403,-403,-403,-403,-407,-393,-393]} 1. d4
e6 2. Bf4 Nf6 3. e3 c5 4. c3 Nc6 5. Nf3 Be7 6. h3 O-O 7. Bd3 cxd4 8. exd4 b6 9.
O-O Bb7 10. Nbd2 Rc8 11. Re1 Re8 12. Ne5 Nxe5 13. dxe5 Nd5 14. Bh2 f5 15. a3
Bf8 16. c4 Ne7 17. h4 Nc6 18. Nf3 a5 19. Ng5 h6 20. Nf3 Bc5 21. h5 Rf8 22. Bg3
Qe8 23. Nh4 f4 24. Bh2 f3 25. g4 Ne7 26. Be4 Bxe4 27. Rxe4 g5 28. Nxf3 Qf7 29.
Kg2 Nc6 30. Bg1 Qh7 31. Qe2 Rf7 32. Ne1 Nd4 33. Qd3 Nb3 34. Rd1 Rcf8 35. f3
Bxg1 36. Kxg1 Nc5 37. Qe2 Nxe4 38. fxe4 Rf1+ 39. Qxf1 Rxf1+ 40. Kxf1 Qxe4 41.
Rxd7 Qxc4+ 42. Nd3 Qxg4 43. Re7 Qxh5 44. Rxe6 Qh3+ 0-1

[Event "4NCL Division Four"]
[Site "Daventry, ENG"]
[Date "2023.03.26"]
[Round "8.46"]
[White "Eckert, Jonathan"]
[Black "Rigby, Charles"]
[Result "1/2-1/2"]
[WhiteElo "1690"]
[BlackElo "1489"]
[PlyCount "49"]
[EventDate "2023.03.26"]
[WhiteTeam "CSC/Kingston 2"]
[BlackTeam "Celtic Tigers 2"]

1. e4 c6 2. d3 d5 3. Nd2 e5 4. Ngf3 Bd6 5. g3 Nf6 6. Bg2 O-O 7. O-O Re8 8. Re1
Nbd7 9. Nf1 h6 10. exd5 Nxd5 11. Ne3 Nxe3 12. Bxe3 Nf8 13. Bd2 Ng6 14. Bc3 Bd7
15. d4 e4 16. Nd2 f5 17. Nc4 Bc7 18. Qh5 Kh7 19. Rad1 Qe7 20. f3 Qf7 21. b3
exf3 22. Qxf3 Rxe1+ 23. Rxe1 Rf8 24. Bb4 Re8 25. Rxe8 1/2-1/2

[Event "4NCL Division Four"]
[Site "Daventry, ENG"]
[Date "2023.03.26"]
[Round "8.51"]
[White "Robson, Ian A"]
[Black "Wedge, David C"]
[Result "1-0"]
[WhiteElo "2214"]
[BlackElo "1696"]
[PlyCount "57"]
[EventDate "2023.03.26"]
[WhiteTeam "Wotton Hall"]
[BlackTeam "Oxford 3"]

1. e4 g6 2. d4 Bg7 3. Nc3 d6 4. Be3 a6 5. Qd2 b5 6. f3 Bb7 7. O-O-O Nd7 8. g4
h6 9. h4 e6 10. Nce2 Qe7 11. Ng3 O-O-O 12. a4 bxa4 13. Qa5 Nb8 14. N1e2 Qe8 15.
Nc3 Ne7 16. Nxa4 Nec6 17. Qc3 e5 18. d5 Kd7 19. Nc5+ Kc8 20. Nxb7 Kxb7 21.
dxc6+ Qxc6 22. Qb3+ Ka8 23. Bc4 Qb7 24. Bxf7 Rhf8 25. Rhf1 c6 26. Qxb7+ Kxb7
27. Bxg6 d5 28. exd5 cxd5 29. Rxd5 1-0

[Event "4NCL Division Four"]
[Site "Daventry, ENG"]
[Date "2023.03.26"]
[Round "8.52"]
[White "Hertog, Alexander"]
[Black "Ashworth, Michael"]
[Result "1/2-1/2"]
[WhiteElo "1778"]
[BlackElo "2131"]
[PlyCount "84"]
[EventDate "2023.03.26"]
[WhiteTeam "Oxford 3"]
[BlackTeam "Wotton Hall"]

1. d4 Nf6 2. c4 e6 3. Nf3 Bb4+ 4. Bd2 Qe7 5. Qc2 Bxd2+ 6. Nbxd2 d6 7. g3 O-O 8.
Bg2 e5 9. dxe5 dxe5 10. e4 Nc6 11. O-O Rd8 12. Rfe1 Nb4 13. Qb1 Nd3 14. Re3
Nxf2 15. Kxf2 Ng4+ 16. Ke2 Nxe3 17. Kxe3 Qc5+ 18. Ke2 Bg4 19. Qc2 Rd7 20. h3
Be6 21. Rc1 f6 22. b3 Rad8 23. Nf1 a5 24. Ne3 c6 25. Rd1 Rxd1 26. Nxd1 a4 27.
Ne3 b5 28. Nd2 axb3 29. axb3 b4 30. g4 g6 31. Ndf1 Qd4 32. Qd2 Qb6 33. Qc2 Qa7
34. Nd2 Qa1 35. Qd1 Qd4 36. Qc2 Ra8 37. Qd3 Qc5 38. Bf3 Kf7 39. h4 Ke7 40. Qb1
Qd4 41. Qd3 Qc5 42. Qb1 Qd4 1/2-1/2

[Event "4NCL Division Four"]
[Site "Daventry, ENG"]
[Date "2023.03.26"]
[Round "8.53"]
[White "Ashworth, Robert"]
[Black "Cole, Graham"]
[Result "1/2-1/2"]
[WhiteElo "1912"]
[BlackElo "1724"]
[PlyCount "59"]
[EventDate "2023.03.26"]
[WhiteTeam "Wotton Hall"]
[BlackTeam "Oxford 3"]

1. e4 c5 2. Nf3 d6 3. Bb5+ Bd7 4. Bxd7+ Qxd7 5. c4 Nf6 6. Nc3 g6 7. d4 cxd4 8.
Nxd4 Bg7 9. f3 O-O 10. Be3 Nc6 11. O-O a6 12. Rc1 e6 13. Qd2 Ne5 14. b3 d5 15.
Bf4 Nc6 16. cxd5 Nxd4 17. Qxd4 Nxd5 18. Qd3 Nf6 19. Rfd1 Qxd3 20. Rxd3 Rfd8 21.
Rcd1 Rxd3 22. Rxd3 Rc8 23. Be5 Kf8 24. g4 Ke7 25. Kf1 Rd8 26. Ke2 Rxd3 27. Kxd3
Bh6 28. Kc4 Nd7 29. Bg3 Bg7 30. f4 1/2-1/2

[Event "4NCL Division Four"]
[Site "Daventry, ENG"]
[Date "2023.03.26"]
[Round "8.54"]
[White "Neatherway, A Philip"]
[Black "Moldovan, Alexandru-Mitic"]
[Result "0-1"]
[WhiteElo "1795"]
[BlackElo "1804"]
[PlyCount "74"]
[EventDate "2023.03.26"]
[WhiteTeam "Oxford 3"]
[BlackTeam "Wotton Hall"]

1. e4 e5 2. Nf3 Nc6 3. d4 exd4 4. Nxd4 Bc5 5. Nb3 Bb6 6. Nc3 a6 7. Be2 Nge7 8.
O-O O-O 9. Bg5 h6 10. Bh4 Qe8 11. Qd2 f5 12. Bc4+ Kh8 13. Bxe7 Nxe7 14. exf5
Nxf5 15. Rae1 Qg6 16. Kh1 c6 17. Bd3 d5 18. Ne2 Qg4 19. Ng3 Nxg3+ 20. fxg3 Bd7
21. Rf4 Rxf4 22. Qxf4 Qxf4 23. gxf4 Re8 24. Rxe8+ Bxe8 25. g3 c5 26. Bf1 c4 27.
Nd2 Be3 28. Nf3 Bg6 29. b3 b5 30. a4 Bxc2 31. bxc4 bxc4 32. a5 Be4 33. Kg2 Bd2
34. Kf2 Bxa5 35. Ne5 Bb6+ 36. Ke1 a5 37. Kd2 Bg1 0-1

[Event "4NCL Division Four"]
[Site "Daventry, ENG"]
[Date "2023.03.26"]
[Round "8.55"]
[White "Cleverley, Tom A"]
[Black "Curran, David P"]
[Result "1/2-1/2"]
[WhiteElo "1583"]
[BlackElo "1737"]
[PlyCount "72"]
[EventDate "2023.03.26"]
[WhiteTeam "Wotton Hall"]
[BlackTeam "Oxford 3"]

1. d4 d5 2. c4 e6 3. cxd5 exd5 4. Nf3 Nf6 5. Bf4 Bd6 6. Bg5 c6 7. g3 Nbd7 8.
Bg2 O-O 9. O-O Re8 10. Nbd2 h6 11. Bxf6 Nxf6 12. Re1 Bf5 13. e3 Qb6 14. Qb3 Ne4
15. Qxb6 axb6 16. a3 c5 17. Nxe4 Bxe4 18. Nd2 Bxg2 19. Kxg2 cxd4 20. exd4 Rxe1
21. Rxe1 Rc8 22. Nb1 Kf8 23. Nc3 Bxa3 24. Nxd5 Bxb2 25. Nxb6 Rd8 26. d5 Bd4 27.
Rb1 Ke7 28. Rb4 Bc5 29. Rb5 Bxb6 30. Rxb6 Rxd5 31. Rxb7+ Rd7 32. Rxd7+ Kxd7 33.
f4 Ke6 34. Kf3 f5 35. h3 g5 36. g4 Kf6 1/2-1/2

[Event "4NCL Division Four"]
[Site "Daventry, ENG"]
[Date "2023.03.26"]
[Round "8.56"]
[White "Staples, Neil"]
[Black "Blencowe, Ian P"]
[Result "1-0"]
[WhiteElo "1766"]
[BlackElo "1606"]
[PlyCount "87"]
[EventDate "2023.03.26"]
[WhiteTeam "Oxford 3"]
[BlackTeam "Wotton Hall"]

1. c4 e5 2. g3 Nf6 3. Bg2 c6 4. d4 exd4 5. Qxd4 d6 6. Nc3 Qb6 7. Nf3 Qxd4 8.
Nxd4 Be7 9. O-O O-O 10. e4 Na6 11. a3 Nc7 12. Re1 Be6 13. b3 Rfe8 14. h3 g6 15.
Bb2 Rab8 16. Rad1 Nh5 17. Kh2 Rbd8 18. f4 Ng7 19. Bf3 Bf6 20. Rd2 Bxd4 21. Rxd4
Re7 22. Red1 Red7 23. b4 f5 24. g4 fxg4 25. hxg4 Bf7 26. f5 gxf5 27. exf5 Nce8
28. Ne4 Kf8 29. Bc1 Rc8 30. Bh6 Kg8 31. Nxd6 Rcd8 32. c5 Nxd6 33. Rxd6 Rxd6 34.
Rxd6 Rxd6 35. cxd6 Be8 36. b5 Bd7 37. bxc6 bxc6 38. Be2 Ne8 39. Bc4+ Kh8 40.
Be3 Kg7 41. Bd4+ Kh6 42. Be5 Kg5 43. Kg3 Nf6 44. Bf4# 1-0

[Event "4NCL Division Four"]
[Site "Daventry, ENG"]
[Date "2023.03.26"]
[Round "8.61"]
[White "Onley, David E"]
[Black "Sefton, Adam"]
[Result "1-0"]
[WhiteElo "2160"]
[BlackElo "1808"]
[PlyCount "55"]
[EventDate "2023.03.26"]
[WhiteTeam "War and Piece A"]
[BlackTeam "Guildford Young Guns"]

1. e4 e6 2. d4 d5 3. Nd2 Nf6 4. e5 Nfd7 5. f4 c5 6. c3 Nc6 7. Ndf3 Qb6 8. g3
cxd4 9. cxd4 Be7 10. Kf2 g5 11. fxg5 Ndxe5 12. Nxe5 Nxe5 13. Kg2 Nc6 14. Nf3
Bd7 15. b3 Rc8 16. Be2 a5 17. a3 Na7 18. Ne5 Nc6 19. Nxd7 Kxd7 20. Be3 Na7 21.
b4 axb4 22. axb4 Bxb4 23. Rf1 Rhf8 24. Rb1 Qd6 25. Qa4+ Nc6 26. Bb5 Bc3 27. Bf4
Qe7 28. Bxc6+ 1-0

[Event "4NCL Division Four"]
[Site "Daventry, ENG"]
[Date "2023.03.26"]
[Round "8.62"]
[White "Twisk, Sebastian"]
[Black "Tenin, Aleksander"]
[Result "1-0"]
[WhiteElo "1578"]
[BlackElo "2101"]
[PlyCount "29"]
[EventDate "2023.03.26"]
[WhiteTeam "Guildford Young Guns"]
[BlackTeam "War and Piece A"]

1. e4 e5 2. Nc3 Bc5 3. Bc4 Qf6 4. Nf3 Ne7 5. d3 d6 6. Bg5 Qg6 7. Bxe7 Qxg2 8.
Rf1 Bg4 9. Bh4 Bxf3 10. Qd2 Qxh2 11. Qg5 O-O 12. Rg1 g6 13. Nd5 Nd7 14. Ne7+
Kh8 15. Qf6+ 1-0

[Event "4NCL Division Four"]
[Site "Daventry, ENG"]
[Date "2023.03.26"]
[Round "8.63"]
[White "Nawalaniec, Adam"]
[Black "Butcher, Nathaniel"]
[Result "1-0"]
[WhiteElo "2092"]
[BlackElo "1521"]
[PlyCount "93"]
[EventDate "2023.03.26"]
[WhiteTeam "War and Piece A"]
[BlackTeam "Guildford Young Guns"]

1. e4 c5 2. Nf3 d6 3. c3 Bg4 4. Bc4 e6 5. O-O Nc6 6. h3 Bh5 7. d3 a6 8. a4 Ne5
9. g4 Nxc4 10. dxc4 Bg6 11. Qe2 Be7 12. Rd1 Qc7 13. Bf4 e5 14. Bg3 Nf6 15. Nbd2
Qb6 16. a5 Qc6 17. Re1 Nd7 18. b4 b6 19. b5 Qb7 20. Nb3 Nf6 21. Nfd2 h5 22. f3
hxg4 23. hxg4 Kd7 24. Reb1 Rh3 25. Kg2 Rah8 26. axb6 Qxb6 27. Rxa6 Qb8 28. Rba1
Qg8 29. Nxc5+ Ke8 30. Ra8+ Bd8 31. Rxd8+ Kxd8 32. Ra8+ Ke7 33. Rxg8 Nxg8 34.
Na6 Rh1 35. b6 Ra1 36. b7 Nf6 37. b8=Q Rxb8 38. Nxb8 Ra2 39. Qd3 Ne8 40. Nc6+
Kd7 41. Nxe5+ Kc7 42. Nxg6 fxg6 43. c5 Ra8 44. Bxd6+ Kd7 45. Qd5 Ra6 46. Qb7+
Ke6 47. Qe7# 1-0

[Event "4NCL Division Four"]
[Site "Daventry, ENG"]
[Date "2023.03.26"]
[Round "8.64"]
[White "Swanson, Thales"]
[Black "Thurlow, Kevin J"]
[Result "1/2-1/2"]
[WhiteElo "1523"]
[BlackElo "2028"]
[PlyCount "74"]
[EventDate "2023.03.26"]
[WhiteTeam "Guildford Young Guns"]
[BlackTeam "War and Piece A"]

1. e4 c5 2. c3 g6 3. Nf3 Bg7 4. d4 cxd4 5. cxd4 d5 6. Nc3 dxe4 7. Nxe4 Nf6 8.
Bd3 O-O 9. O-O Nc6 10. Bc2 Bg4 11. Be3 Rc8 12. Ned2 Nd5 13. h3 Bxf3 14. Nxf3
Nxe3 15. fxe3 Bh6 16. Qe2 Nb4 17. Bb3 Qd6 18. Ne5 e6 19. Qf3 Rc7 20. Ng4 Bg7
21. Nf6+ Bxf6 22. Qxf6 Nc2 23. Bxc2 Rxc2 24. Rf2 Qc6 25. Rxc2 Qxc2 26. Qf2 Rc8
27. Rf1 Qxf2+ 28. Rxf2 Rc1+ 29. Rf1 Rc2 30. Rf2 Rc6 31. Rd2 f5 32. g4 Kf7 33.
Kf2 Ke7 34. Kf3 Kf6 35. Kf4 h6 36. gxf5 gxf5 37. e4 fxe4 1/2-1/2

[Event "4NCL Division Four"]
[Site "Daventry, ENG"]
[Date "2023.03.26"]
[Round "8.65"]
[White "Tucker, David S"]
[Black "Gaseltine, Arthur"]
[Result "1-0"]
[WhiteElo "2009"]
[BlackElo "1451"]
[PlyCount "31"]
[EventDate "2023.03.26"]
[WhiteTeam "War and Piece A"]
[BlackTeam "Guildford Young Guns"]

1. e4 e5 2. Nf3 Nc6 3. Bb5 a6 4. Ba4 Nf6 5. O-O Nxe4 6. d4 b5 7. Bb3 d5 8. dxe5
Be6 9. c3 Be7 10. a4 b4 11. Nd4 Qd7 12. a5 Nxe5 13. Ba4 c6 14. f4 Bg4 15. Qe1
Nd3 16. Qe3 1-0

[Event "4NCL Division Four"]
[Site "Daventry, ENG"]
[Date "2023.03.26"]
[Round "8.66"]
[White "Jennis, Alistair"]
[Black "Bradley, William"]
[Result "0-1"]
[WhiteElo "1150"]
[BlackElo "1828"]
[PlyCount "36"]
[EventDate "2023.03.26"]
[WhiteTeam "Guildford Young Guns"]
[BlackTeam "War and Piece A"]

1. c4 e5 2. g3 Nc6 3. Bg2 f5 4. Nc3 Nf6 5. e3 d5 6. cxd5 Nb4 7. Nge2 Nd3+ 8.
Kf1 Ng4 9. Qb3 Ngxf2 10. Rg1 e4 11. Nf4 Bd6 12. Nxd3 Nxd3 13. Bxe4 fxe4 14.
Qa4+ Bd7 15. Qxe4+ Ne5 16. d4 O-O+ 17. Ke2 Bg4+ 18. Kd2 Nf3+ 0-1

[Event "4NCL Division Four"]
[Site "Daventry, ENG"]
[Date "2023.03.26"]
[Round "8.71"]
[White "Maton, Emily"]
[Black "Garnett, John S"]
[Result "0-1"]
[WhiteElo "1788"]
[BlackElo "1953"]
[PlyCount "50"]
[EventDate "2023.03.26"]
[WhiteTeam "She Plays To Win Lionesses"]
[BlackTeam "Ashfield 2"]

1. c4 c5 2. Nc3 Nc6 3. g3 g6 4. Bg2 Bg7 5. d3 e5 6. e4 Nge7 7. Nge2 O-O 8. O-O
f5 9. f4 fxe4 10. Bxe4 d6 11. Nd5 Bh3 12. Nxe7+ Qxe7 13. Bg2 Bxg2 14. Kxg2 Rae8
15. Nc3 exf4 16. Bxf4 Nd4 17. Nd5 Qd7 18. h4 Re2+ 19. Rf2 Rfe8 20. Ne3 R8xe3
21. Bxe3 Rxe3 22. h5 Be5 23. Qh1 Qc6+ 24. Kg1 Rxg3+ 25. Rg2 Ne2+ 0-1

[Event "4NCL Division Four"]
[Site "Daventry, ENG"]
[Date "2023.03.26"]
[Round "8.72"]
[White "Combie, Alex B"]
[Black "Latypova, Olga L"]
[Result "0-1"]
[WhiteElo "1866"]
[BlackElo "1730"]
[PlyCount "110"]
[EventDate "2023.03.26"]
[WhiteTeam "Ashfield 2"]
[BlackTeam "She Plays To Win Lionesses"]

1. d4 Nf6 2. c4 g6 3. Nf3 Bg7 4. e3 O-O 5. Nc3 d5 6. Bd3 c5 7. O-O e6 8. dxc5
dxc4 9. Bxc4 Qa5 10. Qe2 Qxc5 11. Rd1 a6 12. Bd2 b5 13. Bb3 Bb7 14. Rac1 Qe7
15. e4 e5 16. Bg5 h6 17. Nd5 Bxd5 18. Bxd5 Ra7 19. Be3 Rc7 20. Rxc7 Qxc7 21.
Rc1 Qd8 22. Bb3 Nbd7 23. Bd2 Qa8 24. Bb4 Re8 25. Rd1 a5 26. Be1 b4 27. Nd2 Nc5
28. Bc2 Rc8 29. f3 Ne6 30. Bb1 Nd4 31. Qd3 Bf8 32. Nc4 Nd7 33. Qf1 Bc5 34. Bf2
Qa7 35. Ne3 Nxf3+ 36. gxf3 Bxe3 37. Bxe3 Qxe3+ 38. Qf2 Qg5+ 39. Qg2 Rc1 40.
Rxc1 Qxc1+ 41. Qf1 Qxb2 42. Bd3 Qxa2 43. Qh3 Qa1+ 44. Bf1 Qd4+ 45. Kh1 Kg7 46.
f4 Qxe4+ 47. Bg2 Qe1+ 48. Bf1 Nc5 49. fxe5 b3 50. e6 Nxe6 51. Kg1 b2 52. Qc3+
Qxc3 53. h4 b1=Q 54. h5 Qg3+ 55. Kh1 Qxf1# 0-1

[Event "4NCL Division Four"]
[Site "Daventry, ENG"]
[Date "2023.03.26"]
[Round "8.73"]
[White "Rida, Ruqayyah"]
[Black "Bromilow, Edward T"]
[Result "1-0"]
[WhiteElo "1762"]
[BlackElo "1823"]
[PlyCount "169"]
[EventDate "2023.03.26"]
[WhiteTeam "She Plays To Win Lionesses"]
[BlackTeam "Ashfield 2"]

1. e4 c6 2. d4 d5 3. Nc3 dxe4 4. Nxe4 Nf6 5. Nxf6+ exf6 6. c3 Bd6 7. Bd3 O-O 8.
Qc2 Re8+ 9. Ne2 h5 10. Be3 Nd7 11. O-O-O Nf8 12. Kb1 Be6 13. c4 Rc8 14. a3 b5
15. Ng3 a5 16. c5 Be7 17. Bf5 Qd5 18. Bxe6 Nxe6 19. Qf5 Qxf5+ 20. Nxf5 Bf8 21.
Nd6 Bxd6 22. cxd6 Nf8 23. Rhe1 Red8 24. Bd2 Rxd6 25. Bxa5 Ne6 26. Bb6 Rd5 27.
Rc1 Kf8 28. Red1 Ke7 29. b3 Kd7 30. Kc2 Ra8 31. Ra1 Ra6 32. Bc5 Kc7 33. b4 Ra8
34. f3 Kd7 35. Kc3 h4 36. a4 bxa4 37. Kc4 a3 38. Kb3 a2 39. Rxa2 Rxa2 40. Kxa2
Nxc5 41. bxc5 Rg5 42. Rd2 Ke6 43. Kb3 Kd5 44. Kc3 f5 45. Re2 f6 46. Kd3 f4 47.
h3 Rg3 48. Re8 Rxg2 49. Rd8+ Ke6 50. Rd6+ Kf5 51. d5 cxd5 52. c6 Rg1 53. Kc2
Rg2+ 54. Kc3 Rg1 55. Kd2 Rg2+ 56. Kd3 Rg1 57. Rxd5+ Ke6 58. Rc5 Rd1+ 59. Ke4
Rd8 60. Kxf4 Rd4+ 61. Ke3 Rd8 62. Ke4 Rc8 63. f4 g6 64. Rc1 Rc7 65. Kd4 Kd6 66.
Rg1 Rg7 67. f5 g5 68. Re1 g4 69. Re6+ Kc7 70. hxg4 Rxg4+ 71. Kd5 h3 72. Re7+
Kd8 73. Rh7 Rg3 74. Ke6 Rc3 75. c7+ Kc8 76. Kxf6 Rxc7 77. Rxh3 Rc6+ 78. Kg7
Rc7+ 79. Kg8 Rc4 80. f6 Rg4+ 81. Kf8 Rf4 82. f7 Kd7 83. Kg7 Rg4+ 84. Kf6 Rg1
85. Rf3 1-0

[Event "4NCL Division Four"]
[Site "Daventry, ENG"]
[Date "2023.03.26"]
[Round "8.74"]
[White "Levens, David G"]
[Black "Acharya, Kandara"]
[Result "1/2-1/2"]
[WhiteElo "1841"]
[BlackElo "1516"]
[PlyCount "181"]
[EventDate "2023.03.26"]
[WhiteTeam "Ashfield 2"]
[BlackTeam "She Plays To Win Lionesses"]

1. e4 c5 2. d4 cxd4 3. c3 Nc6 4. cxd4 d5 5. e5 g6 6. Nc3 Bg7 7. f4 f6 8. Nf3
Nh6 9. Be2 O-O 10. O-O Nf5 11. g4 Nh6 12. h3 Be6 13. Be3 Rc8 14. Qd2 f5 15. Ng5
Qd7 16. Nxe6 Qxe6 17. Bf3 Rfd8 18. Qg2 Kh8 19. g5 Nf7 20. a3 Na5 21. Bxd5 Rxd5
22. Qxd5 Qxd5 23. Nxd5 Nb3 24. Rad1 Rd8 25. Nb4 a5 26. Nc2 Rc8 27. Rf2 e6 28.
d5 exd5 29. Rxd5 a4 30. Nb4 Nd8 31. Rc2 Nc6 32. Rb5 Rd8 33. Nxc6 bxc6 34. Rxc6
Kg8 35. Rb7 Na5 36. Bb6 Rd1+ 37. Kg2 Nxc6 38. Rc7 Nxe5 39. fxe5 Bxe5 40. Ra7
Bxb2 41. Rxa4 Rd2+ 42. Bf2 Kf7 43. Kf1 Rd3 44. Ra7+ Ke6 45. a4 Rxh3 46. a5 Ra3
47. Bb6 Bc3 48. Bd8 Kd5 49. a6 Bd4 50. Rd7+ Ke4 51. Bf6 Kf3 52. Ke1 Bxf6 53.
gxf6 Rxa6 54. f7 Ra8 55. Rd3+ Kg4 56. Kf2 Rf8 57. Rg3+ Kf4 58. Rf3+ Kg5 59. Re3
Rxf7 60. Re6 h5 61. Kg3 Rb7 62. Re8 Rb3+ 63. Kg2 h4 64. Rh8 Kg4 65. Kh2 Rb2+
66. Kg1 g5 67. Rc8 f4 68. Rc1 f3 69. Rf1 Kg3 70. Kh1 h3 71. Rg1+ Rg2 72. Rf1 h2
73. Rxf3+ Kg4 74. Rf2 Rg3 75. Kxh2 Rf3 76. Rc2 Rf5 77. Kg2 Rf4 78. Rc5 Rb4 79.
Rc2 Kh4 80. Kh2 g4 81. Kg2 Rb3 82. Kh2 Rh3+ 83. Kg2 Rd3 84. Kh2 Rf3 85. Kg2 Re3
86. Kf2 Rh3 87. Kg2 Rg3+ 88. Kh2 Rb3 89. Kg2 Kg5 90. Rc5+ Kf4 91. Rc4+ 1/2-1/2

[Event "4NCL Division Four"]
[Site "Daventry, ENG"]
[Date "2023.03.26"]
[Round "8.75"]
[White "Haria-Skuse, Ashwina"]
[Black "Radford, Mark Sr"]
[Result "1/2-1/2"]
[WhiteElo "1431"]
[BlackElo "1800"]
[PlyCount "72"]
[EventDate "2023.03.26"]
[WhiteTeam "She Plays To Win Lionesses"]
[BlackTeam "Ashfield 2"]

1. Nf3 e6 2. d4 Nf6 3. e3 b6 4. Bd3 Bb7 5. O-O Ne4 6. c4 Be7 7. b3 O-O 8. Bb2
f5 9. Nc3 d5 10. Ne5 Nd7 11. f4 Ndf6 12. Nxe4 Nxe4 13. Bxe4 dxe4 14. Qc1 c5 15.
Rd1 Qc8 16. Ba3 Rd8 17. Qb2 Qc7 18. Rd2 cxd4 19. Bxe7 Qxe7 20. Rxd4 Rxd4 21.
Qxd4 Rd8 22. Qb2 Qd6 23. Qe2 Bc6 24. Kf2 Be8 25. h3 Kf8 26. Rb1 g5 27. Rb2 gxf4
28. exf4 Qd4+ 29. Kf1 Rd6 30. Rc2 h5 31. h4 Qd1+ 32. Qxd1 Rxd1+ 33. Kf2 Ke7 34.
Ke2 Rh1 35. g3 Rg1 36. Kf2 Rh1 1/2-1/2

[Event "4NCL Division Four"]
[Site "Daventry, ENG"]
[Date "2023.03.26"]
[Round "8.76"]
[White "Graham, Neil"]
[Black "Eccleston, Bryony"]
[Result "1-0"]
[WhiteElo "1789"]
[BlackElo "1017"]
[PlyCount "51"]
[EventDate "2023.03.26"]
[WhiteTeam "Ashfield 2"]
[BlackTeam "She Plays To Win Lionesses"]

1. d4 Nf6 2. f3 d5 3. e4 dxe4 4. Nc3 exf3 5. Nxf3 Bg4 6. h3 Bh5 7. g4 Bg6 8.
Ne5 e6 9. Qf3 c6 10. g5 Nd5 11. Nxg6 hxg6 12. Bd3 Nb4 13. O-O Qxd4+ 14. Be3 Qh4
15. Qxf7+ Kd8 16. Rf3 Nd7 17. Qxe6 Bc5 18. Bxc5 Qxg5+ 19. Kh1 Qxc5 20. Rd1 Nd5
21. Rf7 N5f6 22. Bxg6 Kc8 23. Rdxd7 Re8 24. Rc7+ Kd8 25. Rfd7+ Nxd7 26. Qxd7#
1-0

[Event "4NCL Division Four"]
[Site "Daventry, ENG"]
[Date "2023.03.26"]
[Round "8.81"]
[White "Mouskos, John"]
[Black "Eedle, Eric F"]
[Result "0-1"]
[WhiteElo "1500"]
[BlackElo "1921"]
[PlyCount "104"]
[EventDate "2023.03.26"]
[WhiteTeam "She Plays to Win Young Stars"]
[BlackTeam "Barnet Knights C"]

1. e4 c5 2. Nf3 Nc6 3. Bc4 e6 4. d4 d5 5. exd5 exd5 6. Bb5 Bd6 7. Nc3 Nge7 8.
Bg5 Be6 9. Ne5 Qc7 10. Bxe7 Bxe7 11. Qf3 cxd4 12. Bxc6+ bxc6 13. Nd3 dxc3 14.
bxc3 O-O 15. O-O Bd6 16. g3 Qe7 17. Rfe1 Rac8 18. Re2 Qg5 19. Qe3 Qxe3 20. Rxe3
Rb8 21. Rae1 Bf5 22. R1e2 h6 23. Ne5 Rb1+ 24. Kg2 Rb6 25. h3 Rd8 26. g4 Be4+
27. f3 Bxe5 28. fxe4 dxe4 29. Rxe4 Bxc3 30. R4e3 Bf6 31. Kg3 Rb4 32. Ra3 Rb7
33. h4 Rbd7 34. Rae3 Bd4 35. Re4 c5 36. Kf3 Bf6 37. g5 hxg5 38. hxg5 Bxg5 39.
Re5 Rd5 40. Kg4 Bf6 41. R5e3 Rd4+ 42. Kf3 g6 43. Ra3 R4d7 44. Ra6 Kg7 45. c4
Rd3+ 46. Kg2 R8d7 47. Rc6 Rd2 48. Kf3 Rxe2 49. Kxe2 Bd4 50. a4 Re7+ 51. Kf3 Re6
52. Rc8 Ra6 0-1

[Event "4NCL Division Four"]
[Site "Daventry, ENG"]
[Date "2023.03.26"]
[Round "8.82"]
[White "Page, Thomas"]
[Black "Mouskos, Mia"]
[Result "1-0"]
[WhiteElo "1725"]
[BlackElo "1376"]
[PlyCount "89"]
[EventDate "2023.03.26"]
[WhiteTeam "Barnet Knights C"]
[BlackTeam "She Plays to Win Young Stars"]

1. d4 d5 2. c4 e6 3. Nc3 Nf6 4. Bg5 Bb4 5. e3 c6 6. Bd3 h6 7. Bh4 Nbd7 8. Rc1
Qa5 9. Qb3 Bxc3+ 10. bxc3 c5 11. Nf3 Qc7 12. O-O b6 13. Bg3 Qd8 14. Rfe1 O-O
15. Ne5 Nh5 16. Nc6 Qf6 17. cxd5 Nxg3 18. hxg3 Bb7 19. Be4 exd5 20. Qxd5 Bxc6
21. Qxc6 Qe7 22. Bf3 Rac8 23. Qa4 Nf6 24. e4 cxd4 25. e5 Nd7 26. cxd4 f6 27.
Rxc8 Rxc8 28. Qxa7 fxe5 29. dxe5 Re8 30. e6 Nc5 31. Qxb6 Nd7 32. exd7 Qxe1+ 33.
Kh2 Qe7 34. dxe8=Q+ Qxe8 35. Qb3+ Kh8 36. a4 Kh7 37. a5 Qd8 38. a6 Qa5 39. Qb7
h5 40. a7 h4 41. a8=Q hxg3+ 42. fxg3 Qg5 43. Qe4+ g6 44. Qeb7+ Kh6 45. Qh8# 1-0

[Event "4NCL Division Four"]
[Site "Daventry, ENG"]
[Date "2023.03.26"]
[Round "8.83"]
[White "Ashton, Alannah"]
[Black "Bloom, Paul"]
[Result "1/2-1/2"]
[WhiteElo "1352"]
[BlackElo "1756"]
[PlyCount "44"]
[EventDate "2023.03.26"]
[WhiteTeam "She Plays to Win Young Stars"]
[BlackTeam "Barnet Knights C"]

1. e4 c5 2. Nf3 Nc6 3. Bb5 a6 4. Bxc6 dxc6 5. O-O g6 6. d3 Bg7 7. c3 Nf6 8. Qe2
Qc7 9. h3 O-O 10. a4 b5 11. Be3 c4 12. dxc4 bxc4 13. Nbd2 a5 14. Bd4 c5 15.
Qxc4 Ba6 16. Qxc5 Qxc5 17. Bxc5 Bxf1 18. Kxf1 Rfe8 19. Nd4 Nd7 20. Ba3 Nb6 21.
Bc5 Nd7 22. Ba3 Nb6 1/2-1/2

[Event "4NCL Division Four"]
[Site "Daventry, ENG"]
[Date "2023.03.26"]
[Round "8.84"]
[White "Sezer, Steve"]
[Black "Bharathi Mugilan, Dhanyadha"]
[Result "1-0"]
[WhiteElo "1499"]
[BlackElo "1241"]
[PlyCount "101"]
[EventDate "2023.03.26"]
[WhiteTeam "Barnet Knights C"]
[BlackTeam "She Plays to Win Young Stars"]

1. d4 d5 2. c4 c6 3. Nc3 Nf6 4. Nf3 Bf5 5. e3 e6 6. cxd5 exd5 7. Bd3 Bg6 8. O-O
Bd6 9. Re1 O-O 10. Bxg6 fxg6 11. e4 dxe4 12. Nxe4 Nxe4 13. Rxe4 Nd7 14. Qb3+
Kh8 15. Qxb7 Qc8 16. Qxc8 Raxc8 17. Be3 c5 18. Rc1 cxd4 19. Rxd4 Rxc1+ 20. Bxc1
Rf6 21. Ng5 Nc5 22. Rxd6 Rxd6 23. Nf7+ Kg8 24. Nxd6 a6 25. Be3 Nd3 26. Nc4 Nb4
27. Kf1 Nd5 28. Ke2 Kf7 29. Kd1 Nxe3+ 30. fxe3 h5 31. Kd2 Ke6 32. e4 g5 33. Ke3
g6 34. Kd4 g4 35. a4 g5 36. b4 h4 37. Ne3 h3 38. g3 Kd6 39. Nxg4 Ke6 40. b5
axb5 41. axb5 Kd6 42. e5+ Kd7 43. Kd5 Kc7 44. e6 Kb6 45. e7 Kxb5 46. e8=Q+ Kb4
47. Qc6 Kb3 48. Kd4 Kb4 49. Qb6+ Ka4 50. Kc3 Ka3 51. Qb3# 1-0

[Event "4NCL Division Four"]
[Site "Daventry, ENG"]
[Date "2023.03.26"]
[Round "8.85"]
[White "Scott, Jane"]
[Black "Pochalwar, Siddhant"]
[Result "1-0"]
[WhiteElo "1132"]
[BlackElo "1200"]
[PlyCount "93"]
[EventDate "2023.03.26"]
[WhiteTeam "She Plays to Win Young Stars"]
[BlackTeam "Barnet Knights C"]

1. e4 e5 2. Nf3 Nc6 3. d4 d6 4. dxe5 dxe5 5. Qxd8+ Kxd8 6. Bc4 Be6 7. Bxe6 fxe6
8. O-O Nd4 9. Rd1 Bd6 10. Nxd4 exd4 11. Rxd4 e5 12. Rd1 Nf6 13. Nc3 Ke7 14. Bg5
c6 15. Bxf6+ gxf6 16. Ne2 Rad8 17. Ng3 Ke6 18. Nf5 a5 19. Rd3 Bc5 20. Rad1 Rxd3
21. Rxd3 Rg8 22. h3 h5 23. Kf1 b5 24. Rc3 Bd6 25. Rxc6 Rd8 26. Ke2 a4 27. Kd3
Rd7 28. Rxd6+ Rxd6+ 29. Nxd6 Kxd6 30. Kc3 Kc5 31. a3 b4+ 32. axb4+ Kb5 33. g3
Kc6 34. Kc4 Kd6 35. b5 Kc7 36. Kc5 Kb7 37. b6 Kb8 38. Kc6 Kc8 39. b7+ Kb8 40.
c3 a3 41. bxa3 h4 42. gxh4 f5 43. exf5 e4 44. f6 e3 45. f7 Ka7 46. f8=Q Ka6 47.
Qa8# 1-0